[Event "SLO-ch U14 Girls"]
[Site "Postojna"]
[Date "2008.02.29"]
[Round "8"]
[White "Bezlaj, Zala"]
[Black "Tihole, Petra"]
[Result "1-0"]
[WhiteElo "1517"]
[BlackElo "1526"]
[PlyCount "67"]
[EventDate "2008.02.24"]
[EventType "swiss"]
[EventRounds "9"]
[EventCountry "SLO"]
[SourceTitle "EXT 2010"]
[Source "ChessBase"]
[SourceDate "2010.11.25"]
[SourceVersion "1"]
[SourceVersionDate "2010.11.25"]
[SourceQuality "1"]

1. e4 e5 2. Nf3 Nc6 3. Nc3 Nf6 4. d4 exd4 5. Nxd4 Nxd4 6. Qxd4 d6 7. Bc4 Be7 8. Be3 0-0 9. 0-0-0 Ng4 10. Bd2 c5 11. Qd3 Nxf2 12. Qg3 Nxh1 13. Rxh1 Bh4 14. Qe3 h6 15. Qf3 Qf6 16. Qd3 Be6 17. Rf1 Bxc4 18. Qxc4 Qd4 19. Qb5 Qb4 20. Qd7 Rad8 21. Qg4 Bg5 22. Bxg5 hxg5 23. Nd5 f5 24. Ne7+ Kf7 25. Nd5 Ke8 26. Qh5+ Rf7 27. Nxb4 cxb4 28. Rxf5 Rdd7 29. Rxf7 Rxf7 30. Qxg5 Rf1+ 31. Kd2 Rf2+ 32. Kd3 Kf7 33. Qd5+ Kf6 34. Qd4+ 1-0

[Event "SLO-ch U14 Girls"]
[Site "Postojna"]
[Date "2008.02.27"]
[Round "5"]
[White "Bezlaj, Zala"]
[Black "Janezic, Eva"]
[Result "1-0"]
[WhiteElo "1517"]
[BlackElo "1500"]
[PlyCount "61"]
[EventDate "2008.02.24"]
[EventType "swiss"]
[EventRounds "9"]
[EventCountry "SLO"]
[SourceTitle "EXT 2010"]
[Source "ChessBase"]
[SourceDate "2010.11.25"]
[SourceVersion "1"]
[SourceVersionDate "2010.11.25"]
[SourceQuality "1"]

1. e4 e5 2. Nf3 Nc6 3. Nc3 Bc5 4. Nxe5 Nxe5 5. d4 Bxd4 6. Qxd4 Qf6 7. Be3 Nc6 8. Qxf6 Nxf6 9. Bc4 0-0 10. 0-0-0 Re8 11. f3 d6 12. g4 h6 13. g5 hxg5 14. Bxg5 Nh7 15. Be3 Be6 16. Bd3 Ne5 17. Be2 Rad8 18. Rhg1 Kh8 19. f4 Nc4 20. Bd4 f6 21. b3 Nb6 22. Bh5 Rg8 23. f5 Bd7 24. Rd3 d5 25. Bg6 dxe4 26. Nxe4 Be8 27. Bxh7 Rf8 28. Bc5 Rxd3 29. Bxf8 Kxh7 30. Rxg7+ Kh8 31. Nxf6 1-0

[Event "SLO-ch U14 Girls"]
[Site "Postojna"]
[Date "2008.02.26"]
[Round "4"]
[White "Bezlaj, Zala"]
[Black "Romanovskaya, Marija"]
[Result "1-0"]
[WhiteElo "1517"]
[BlackElo "1500"]
[PlyCount "43"]
[EventDate "2008.02.24"]
[EventType "swiss"]
[EventRounds "9"]
[EventCountry "SLO"]
[SourceTitle "EXT 2010"]
[Source "ChessBase"]
[SourceDate "2010.11.25"]
[SourceVersion "1"]
[SourceVersionDate "2010.11.25"]
[SourceQuality "1"]

1. e4 e5 2. Nf3 Nc6 3. Nc3 Nf6 4. d4 exd4 5. Nxd4 Bb4 6. Nxc6 bxc6 7. Bd3 d5 8. exd5 cxd5 9. 0-0 0-0 10. Bg5 Be6 11. Qf3 h6 12. Bh4 g5 13. Bg3 Re8 14. Nb5 Bg4 15. Bxc7 Qd7 16. Qxf6 a6 17. Be5 Kf8 18. Qh8+ Ke7 19. Bf6+ Ke6 20. Qxh6 axb5 21. Bxg5+ Ke5 22. Qf6# 1-0

[Event "SLO-ch U14 Girls"]
[Site "Postojna"]
[Date "2008.02.24"]
[Round "1"]
[White "Bezlaj, Zala"]
[Black "Kuk, Nika"]
[Result "1/2-1/2"]
[WhiteElo "1517"]
[BlackElo "1637"]
[PlyCount "45"]
[EventDate "2008.02.24"]
[EventType "swiss"]
[EventRounds "9"]
[EventCountry "SLO"]
[SourceTitle "EXT 2010"]
[Source "ChessBase"]
[SourceDate "2010.11.25"]
[SourceVersion "1"]
[SourceVersionDate "2010.11.25"]
[SourceQuality "1"]

1. e4 c5 2. Nf3 Nc6 3. Bc4 g6 4. b3 Bg7 5. Nc3 Nf6 6. d4 cxd4 7. Nxd4 0-0 8. 0-0 d6 9. f4 Qb6 10. Be3 Nd7 11. Nd5 Qd8 12. Qd3 e6 13. Nc3 Nxd4 14. Bxd4 e5 15. Be3 exf4 16. Bxf4 Be5 17. Nb5 Nc5 18. Qd2 Nxe4 19. Qe3 Bf5 20. Rad1 Bxf4 21. Qxf4 Qb6+ 22. Nd4 Rfe8 23. Kh1 1/2-1/2